Szwajcaria 1:1 Polska k. 4:5 1/8 finału EURO 2016 - Statystyki

Ogólne statystyki
  • Ten quiz został rozwiązany 152 razy
  • Średni wynik to 17 z 29
Statystyki odpowiedzi
SUI/POL # piłkarz % Poprawnych
ŚO 15 Kamil Glik
98%
N 9 Robert Lewandowski
98%
ŚP 10 Grzegorz Krychowiak
97%
PP 16 Jakub Błaszczykowski
97%
Selekcjoner - Adam Nawałka
96%
N 7 Arkadiusz Milik
96%
POL B 22 Łukasz Fabiański
96%
LP 11 Kamil Grosicki
94%
PO 20 Łukasz Piszczek
94%
ŚO 2 Michał Pazdan
94%
SUI B 1 Yann Sommer
83%
LO 3 Artur Jędrzejczyk
81%
ŚP 5 Krzysztof Mączyński
79%
PP 23 Xherdan Shaqiri
70%
ŚP 10 Granit Xhaka
69%
LO 13 Ricardo Rodriguez
56%
2 zmiana 104' 17 Sławomir Peszko
51%
1 zmiana 58' 7 Breel Embolo
46%
N 9 Haris Seferovic
42%
1 zmiana 101' 6 Tomasz Jodłowiec
42%
ŚO 22 Fabian Schar
36%
PO (c) 2 Stephan Lichtsteiner
30%
selekcjoner - Vladimir Petkovic
21%
ŚO 20 Johan Djourou
16%
N 15 Blerim Dzemaili
14%
2 zmiana 70' 19 Eren Derdiyok
13%
LP 18 Admir Mehmedi
11%
ŚP 11 Valon Behrami
11%
3 zmiana 77' 16 Gelson Fernandes
6%
Nie znaleziono quizów pasujących do podanych kryteriów
Rozkład punktacji
Procent ludzi z każdym wynikiem
Percentyl według liczby udzielonych odpowiedzi
Twoja historia wyników
Nie rozwiązałeś tego quizu